00631cam a22002173a 450000100060000000300060000600500170001200800410002904000150007004200070008505000070009210000240009924501080012326000290023150600300026051600200029065300180031065300140032883000290034285600420037118202PGUSA20140828083404.0060418s2006||||xxu|||||s|||||000 | eng d aPGUSAbeng adc 4aHM1 aWithington, William14aThe Growth of Thought as Affecting the Progress of Societyh[electronic resource] /cWilliam Withington bProject Gutenberg,c2006 aPublic domain in the USA. aElectronic text aSelf-interest aSociology 0aProject Gutenbergv1820240uhttp://www.gutenberg.org/ebooks/18202